Vista normal
Vista MARC
Entrada Topical Term
Número de registros utilizados en: 1
001 - CONTROL NUMBER
- control field: 38705
003 - CONTROL NUMBER IDENTIFIER
- control field: OSt
005 - DATE AND TIME OF LATEST TRANSACTION
- control field: 20210726114800.0
008 - FIXED-LENGTH DATA ELEMENTS
- fixed length control field: 210726|| aca||aabn | a|a d
040 ## - CATALOGING SOURCE
- Original cataloging agency: OSt
- Transcribing agency: OSt
150 ## - HEADING--TOPICAL TERM
- Topical term or geographic name entry element: Mercado de capitales
670 ## - SOURCE DATA FOUND
- Source citation: Work cat.: (OSt)8143: 15220, Inversión extranjera de portafolio en Colombia / , 1992